|
|
|
|
| LEADER |
01308nam a2200277 a 4500 |
| 001 |
GR-MES2375 |
| 008 |
991111s1997 gr 001 0 gre|c |
| 020 |
|
|
|a 9605200708
|
| 040 |
|
|
|a GrPaTEI
|b gre
|c GR-PaULI
|
| 100 |
1 |
|
|a Warner, Scott L.
|
| 240 |
1 |
0 |
|a Delphi 2.0 by example.
|l Ελληνικά
|
| 245 |
1 |
0 |
|a Delphi 2.0 με παραδείγματα /
|c Scott L. Warner, Paul Goldsman ; απόδοση Ελένη Γκαγκάτσιου.
|
| 260 |
|
|
|a Αθήνα :
|b Β. Γκιούρδας,
|c 1997.
|
| 300 |
|
|
|a xvii, 476 σ. :
|b εικ. ;
|c 24 εκ.
|
| 500 |
|
|
|a Μετάφραση του: Delphi 2.0 by example, 2nd edition.
|
| 500 |
|
|
|a Περιλαμβάνει ευρετήριο.
|
| 630 |
0 |
0 |
|a Delphi (Computer file)
|
| 650 |
|
0 |
|a Computer software
|x Development.
|
| 650 |
|
4 |
|a Λογισμικό υπολογιστή
|x Ανάπτυξη.
|
| 650 |
0 |
7 |
|a Delphi (Αρχείο υπολογιστή)
|
| 700 |
1 |
|
|a Goldsman, Paul
|e συγγραφέας.
|
| 700 |
1 |
|
|a Γκαγκάτσιου, Ελένη
|e μεταφράστρια.
|
| 942 |
|
|
|2 ddc
|
| 952 |
|
|
|0 0
|1 0
|2 ddc
|4 0
|6 005_300000000000000_WAR
|7 0
|9 266740
|a MSLG
|b MSLG
|c BSC
|d 2021-01-17
|e 24
|f 0
|g 0.00
|l 0
|o 005.3 WAR
|p 2420000009442
|r 2021-01-17 00:00:00
|t 1
|w 2021-01-17
|y BK15
|x 19991111 0 1
|x GrPaTEI
|
| 971 |
|
|
|a .b25734209
|b 15-04-20
|c 13-09-16
|
| 999 |
|
|
|c 153488
|d 153488
|